000 00885nam a22002777a 4500
003 BJBSDDR
005 20260424094647.0
007 ta
008 260406s1989 enk||||| |||| 00| 0 spa d
020 _a9781851453429
020 _a1851453423
040 _beng
_cBJBSDDR
041 _aeng
050 1 4 _aPN 1994
_bP882g 1989
100 1 _aPowell, Dilys,
_d1901-1995
_947805
245 1 4 _aThe golden screen :
_bfifty years at the films /
_cDilys Powell ; edited by George Perry ; introduction by Dirk Bogarde.
260 _aLondon :
_bPavilion in association with M. Joseph,
_c1989
300 _a302 pages ;
_c24 cm
500 _aIncludes index
650 4 _aCine
_xHistoria
_91506
_ySiglo XX
650 4 _aCine
_vCronologĂ­a
_926610
700 1 _aPerry, George,
_d1935-
_947806
_eeditor
700 1 _aBogarde, Dirk
_d1921-1999
_948109
942 _2lcc
_cBK
946 _icmc
999 _c126740
_d126740